<?xml version="1.0" encoding="UTF-8"?>
<record
    xmlns:xsi="http://www.w3.org/2001/XMLSchema-instance"
    xsi:schemaLocation="http://www.loc.gov/MARC21/slim http://www.loc.gov/standards/marcxml/schema/MARC21slim.xsd"
    xmlns="http://www.loc.gov/MARC21/slim">

  <leader>00608nam a22001577a 4500</leader>
  <controlfield tag="003">OSt</controlfield>
  <controlfield tag="005">20150923151332.0</controlfield>
  <controlfield tag="008">150923b        xxu||||| |||| 00| 0 eng d</controlfield>
  <datafield tag="040" ind1=" " ind2=" ">
    <subfield code="c">RUA</subfield>
  </datafield>
  <datafield tag="082" ind1=" " ind2=" ">
    <subfield code="a">AGR BOU 2010 B046 Or.1</subfield>
  </datafield>
  <datafield tag="100" ind1=" " ind2=" ">
    <subfield code="9">1198</subfield>
    <subfield code="a">BOU, SOPHEAK</subfield>
  </datafield>
  <datafield tag="245" ind1=" " ind2=" ">
    <subfield code="a">Effect of urea on chinese kale by using drip irrigation system &#x17A5;&#x1791;&#x17D2;&#x1791;&#x17B7;&#x1796;&#x179B;&#x1787;&#x17B8;&#x17A2;&#x17CA;&#x17BB;&#x1799;&#x179A;&#x17C9;&#x17C1;&#x179B;&#x17BE;&#x178A;&#x17C6;&#x178E;&#x17B6;&#x17C6;&#x1781;&#x17B6;&#x178F;&#x17CB;&#x178E;&#x17B6;&#x178A;&#x17C4;&#x1799;&#x1794;&#x17D2;&#x179A;&#x17BE;&#x1794;&#x17D2;&#x179A;&#x1796;&#x17D0;&#x1793;&#x17D2;&#x1792;&#x179F;&#x17D2;&#x179A;&#x17C4;&#x1785;&#x179F;&#x17D2;&#x179A;&#x1796;&#x178A;&#x17C6;&#x178E;&#x1780;&#x17CB;&#x1791;&#x17B9;&#x1780;</subfield>
  </datafield>
  <datafield tag="260" ind1=" " ind2=" ">
    <subfield code="a">Phnom Penh</subfield>
    <subfield code="b">RUA</subfield>
    <subfield code="c">2010</subfield>
  </datafield>
  <datafield tag="300" ind1=" " ind2=" ">
    <subfield code="a">x, 51p.</subfield>
    <subfield code="b">ill.</subfield>
    <subfield code="c">29cm.</subfield>
  </datafield>
  <datafield tag="942" ind1=" " ind2=" ">
    <subfield code="2">ddc</subfield>
    <subfield code="c">AGR</subfield>
  </datafield>
  <datafield tag="999" ind1=" " ind2=" ">
    <subfield code="c">1141</subfield>
    <subfield code="d">1141</subfield>
  </datafield>
  <datafield tag="952" ind1=" " ind2=" ">
    <subfield code="0">0</subfield>
    <subfield code="1">0</subfield>
    <subfield code="2">ddc</subfield>
    <subfield code="4">0</subfield>
    <subfield code="6">AGR_BOU_2010_000000000000000_B046_OR_1</subfield>
    <subfield code="7">0</subfield>
    <subfield code="9">4684</subfield>
    <subfield code="a">LBB</subfield>
    <subfield code="b">LBB</subfield>
    <subfield code="c">B046</subfield>
    <subfield code="d">2015-09-23</subfield>
    <subfield code="l">10</subfield>
    <subfield code="o">AGR BOU 2010 B046 Or.1</subfield>
    <subfield code="p">RUA008500</subfield>
    <subfield code="r">2023-11-22</subfield>
    <subfield code="s">2023-11-13</subfield>
    <subfield code="w">2015-09-23</subfield>
    <subfield code="y">AGR</subfield>
  </datafield>
  <datafield tag="952" ind1=" " ind2=" ">
    <subfield code="0">0</subfield>
    <subfield code="1">0</subfield>
    <subfield code="2">ddc</subfield>
    <subfield code="4">0</subfield>
    <subfield code="6">AGR_BOU_2010_000000000000000_B046_OR_2</subfield>
    <subfield code="7">0</subfield>
    <subfield code="9">4685</subfield>
    <subfield code="a">LBB</subfield>
    <subfield code="b">LBB</subfield>
    <subfield code="c">B046</subfield>
    <subfield code="d">2015-09-23</subfield>
    <subfield code="o">AGR BOU 2010 B046 Or.2</subfield>
    <subfield code="p">RUA006720</subfield>
    <subfield code="r">2015-09-23</subfield>
    <subfield code="w">2015-09-23</subfield>
    <subfield code="y">AGR</subfield>
  </datafield>
  <datafield tag="952" ind1=" " ind2=" ">
    <subfield code="0">0</subfield>
    <subfield code="1">0</subfield>
    <subfield code="2">ddc</subfield>
    <subfield code="4">0</subfield>
    <subfield code="6">AGR_BOU_2010_000000000000000_B046_OR_3</subfield>
    <subfield code="7">0</subfield>
    <subfield code="9">4686</subfield>
    <subfield code="a">LBB</subfield>
    <subfield code="b">LBB</subfield>
    <subfield code="c">B046</subfield>
    <subfield code="d">2015-09-23</subfield>
    <subfield code="l">19</subfield>
    <subfield code="m">1</subfield>
    <subfield code="o">AGR BOU 2010 B046 Or.3</subfield>
    <subfield code="p">RUA006566</subfield>
    <subfield code="r">2024-01-16</subfield>
    <subfield code="s">2024-01-03</subfield>
    <subfield code="w">2015-09-23</subfield>
    <subfield code="y">AGR</subfield>
  </datafield>
</record>
